| 000 | 00454nam a2200157 i 4500 | ||
|---|---|---|---|
| 001 | 145546 | ||
| 003 | ES-MaACL | ||
| 005 | 20230906201244.0 | ||
| 007 | t| | ||
| 008 | 071015s1906 xxk ||||1| eng d | ||
| 100 | 1 |
_aVestermarck, Edward. _9114229 |
|
| 245 | 1 | 4 |
_aThe origin and development of the moral ideas / _cby Edward Vestermarck. |
| 260 |
_aLondon : _bRichard Clay and Sons, _c1906. |
||
| 300 |
_a2 v. ; _c23 cm. |
||
| 852 |
_aES-MaACL _jG-11496-7 |
||
| 999 |
_c145546 _d145546 |
||